000 01087nam0a22002531 4500
001 rc\490435
005 20260407082928.0
035 _a(NLR Aleph) 005732426
090 _a7593083
_c7593083
100 _a20030616d1987 |||y0rusy50 ca
101 0 _arus
102 _aRU
105 _ay |||||||||
200 1 _aМетодические рекомендации по защите изобретений на способы поисков месторождений полезных ископаемых
_fВНИИ экономики минер. сырья и геол.-развед. работ
_g[Разработали Гукова Р.В. и др.]
210 _aМ.
_cВИЭМС
_d1987
215 _a26, [1] с.
_d20
320 _aБиблиогр.: с. 24 (7 назв.)
702 1 _aГукова
_bР.В.
_4570
712 0 2 _aВНИИ экономики минерального сырья и геологоразведочных работ
_3RU\NLR\AUTH\888989
_9290479
801 0 _aRU
_bNLR
_gpsbo
801 1 _aRU
_bELAR
_2rusmarc
852 _aNLR
_j88-4/8102
942 _cBOOK
980 _aNB